01478nam a2200337Ia 450000500170000000800390001702000150005604100080007110000280007924500630010725000180017030000640018849000450025252003350029752100500063253400150068265000090069765000090070665000490071565000480076465000470081265000350085965000320089470000310092626400490095733600270100633700330103333800280106604000350109408400110112920220316235234.0121119s1995 mx a gr 000 j spa a96816397151 aspa1 aBrowne, Anthony,d1946-13aEl túnelcAnthony Browne ; traducción de Carmen Esteva a1a. edición a[24] páginas sin enumerar bilustraciones en colorc23 cm0 aLos especiales de a la orilla del viento aHabía una vez un hermano y una hermana que no se parecían en nada. La hermana se quedaba en casa, leía y soñaba. El hermano jugaba afuera con sus amigos: reía y gritaba, pateaba y lanzaba la pelota, brincaba y retozaba. Por las noches él dormía profundamente en su cuarto. Ella permanecía despierta, acostada...... aRecomendado para niños a partir de 5 años tThe Tunnel142LEMB142LEMB142LEMBaCuentos infantiles ingleses ySiglo XX142LEMBaLiteratura infantil inglesaySiglo XX142LEMBaHermanos y hermanas en la literatura142LEMBaFamilia en la literatura142LEMBaRelaciones familiares1 aEsteva, Carmen etraductor aMéxicobFondo de Cultura Económicac1995 atextobtxt2rdacontent asin mediaciónbn2rdamedia avolumenbnc2rdacarrier aCO-BoRNBPbspaerdacCO-BoRNBP aC BRO1